Govt. of
Madhya Pradesh

Jean Paul Sartre (Record no. 13680)

MARC details
000 -LEADER
fixed length control field 005150000a22001930004500
001 - CONTROL NUMBER
control field 001763
003 - CONTROL NUMBER IDENTIFIER
control field MACL
005 - DATE AND TIME OF LATEST TRANSACTION
control field 20151001172655.0
008 - FIXED-LENGTH DATA ELEMENTS--GENERAL INFORMATION
fixed length control field 151001b xxu||||| |||| 00| 0 eng d
040 ## - CATALOGING SOURCE
Original cataloging agency MACL
Transcribing agency MACL
041 ## - LANGUAGE CODE
Language code of text/sound track or separate title English
082 ## - DEWEY DECIMAL CLASSIFICATION NUMBER
Classification number 902/SIN
100 ## - MAIN ENTRY--PERSONAL NAME
Personal name Singh, Mithilesh Kumar
9 (RLIN) 13167
245 ## - TITLE STATEMENT
Title Jean Paul Sartre
Remainder of title On Man, Society And Freedom
Statement of responsibility, etc. Mithilesh Kumar Singh
260 ## - PUBLICATION, DISTRIBUTION, ETC. (IMPRINT)
Place of publication, distribution, etc. New Delhi
Date of publication, distribution, etc. 2005
Name of publisher, distributor, etc. Rajat Publications,
350 ## - PRICE (NR) (BK AM CF MU VM SE) [OBSOLETE]
Price 450
650 ## - SUBJECT ADDED ENTRY--TOPICAL TERM
Topical term or geographic name as entry element Miscellany
9 (RLIN) 13168
942 ## - ADDED ENTRY ELEMENTS (KOHA)
Call number prefix 902
Koha item type Books
Source of classification or shelving scheme
Holdings
Withdrawn status Lost status Source of classification or shelving scheme Damaged status Not for loan Home library Current library Date acquired Cost, normal purchase price Total Checkouts Full call number Barcode Date last seen Uniform Resource Identifier Price effective from Koha item type
          MACL MACL 15/04/2015 450.00   902/SIN CRE018191 02/05/2024 13558 15/04/2015 Books